The Politics of Jean-François Lyotard : Justice and Political Theory /
Guardat en:
| Autor principal: | |
|---|---|
| Altres autors: | |
| Format: | Llibre |
| Idioma: | anglès |
| Publicat: |
Londres, Inglaterra :
Routledge,
1998, c1998
|
| Matèries: | |
| Etiquetes: |
Sense etiquetes, Sigues el primer a etiquetar aquest registre!
|
MARC
| LEADER | 00000nam^a2200000^a^4500 | ||
|---|---|---|---|
| 001 | 000163918 | ||
| 005 | 20250521000000.0 | ||
| 009 | 20260310100925.424 | ||
| 020 | |a 0-415-11724-0 | ||
| 037 | |a Acervo ITESO - Biblioteca | ||
| 041 | |a ING | ||
| 082 | |a 149. 97 |b ROJ | ||
| 100 | |a Rojek, Chris |e (ed.) | ||
| 245 | 1 | 4 | |a The Politics of Jean-François Lyotard : |b Justice and Political Theory / |c Ed. de C. Rojek, B.S. Turner. |
| 264 | 4 | |a Londres, Inglaterra : |b Routledge, |c 1998, c1998 | |
| 300 | |a VII, 168 p. | ||
| 336 | |a texto |b txt |2 rdacontenido | ||
| 337 | |a sin mediación |b n |2 rdamedio | ||
| 338 | |a volumen |b nc |2 rdasoporte | ||
| 649 | |a XX | ||
| 650 | |a Filósofos Franceses | ||
| 650 | |a Diferencia y Otredad | ||
| 650 | |a Justicia e Injusticia | ||
| 650 | |a Feminismo | ||
| 650 | |a Judaísmo | ||
| 650 | |a Modernidad y Posmodernidad | ||
| 650 | |a Filosofía del Siglo XX | ||
| 650 | |a Filosofía Francesa | ||
| 650 | |a Lyotard, Jean-François | ||
| 700 | |a Turner, Bryan S. |e (edición) | ||
| 910 | |a Fondo General | ||
| 920 | |a Impresos - Libros | ||
| 930 | |a Colección General | ||
| 905 | |a 101 | ||
| 901 | |a 0500097603 |b IT1 |c ACC |u 20250521 | ||
| 902 | |a https://opac.biblio.iteso.mx/vufind/Record/000163918 | ||